Derecho del consumo: nociones fundamentales
Saved in:
| Main Author: | |
|---|---|
| Format: | Book |
| Language: | Spanish |
| Published: |
Valencia
Tirant Lo Blanch
2019
|
| Edition: | 1a. ed |
| Series: | Monografías
|
| Subjects: | |
| Tags: |
Add Tag
No Tags, Be the first to tag this record!
|
MARC
| LEADER | 00000cam a2200000 a 4500 | ||
|---|---|---|---|
| 001 | UCC9401 | ||
| 003 | CL-VaPUC | ||
| 005 | 20220315074445.0 | ||
| 008 | 190927e20190000sp |||||||||||||||||spa|d | ||
| 020 | |a 9788413139982 | ||
| 040 | |c Pontificia Universidad Católica de Valparaíso | ||
| 082 | 0 | 4 | |a 343.83071 |b ISL |2 21 |
| 100 | |a Isler Soto, Erika M |e author |9 596027 | ||
| 245 | 1 | 0 | |a Derecho del consumo: nociones fundamentales |
| 250 | |a 1a. ed | ||
| 260 | |a Valencia |b Tirant Lo Blanch |c 2019 | ||
| 300 | |a 341 p | ||
| 490 | 0 | |a Monografías | |
| 583 | |a last modification |c 20190927 15:31:00 |k Rodrigo Vera | ||
| 650 | 7 | |a DERECHO DEL CONSUMIDOR |2 CL-VaPUC |9 474425 | |
| 650 | 0 | |a Protección del consumidor |9 474424 | |
| 650 | 0 | |a Ley de protección al consumidor |9 560832 | |
| 650 | 7 | |a BIENES DE CONSUMO |2 CL-VaPUC |9 359202 | |
| 942 | |c BK | ||
| 945 | |d 20190927 15:31:00 |a dcastane | ||
| 999 | |c 375582 |d 375580 | ||
| 952 | |0 0 |1 0 |3 erb |4 0 |6 343_830710000000000_ISL_2019 |7 0 |8 A |9 494588 |a BIBDER |b BIBDER |i 5561922 |l 8 |m 5 |o 343.83071 ISL 2019 |p 5561922 |q 2025-05-30 |r 2025-01-30 |s 2025-01-30 |w 2019-11-24 |y BK |z Catalogado en:20190927 |k DER | ||